Marvel Villain Teams by Picture - Statistics

General Stats
  • This quiz has been taken 61 times
  • The average score is 6 of 18
Answer Stats
Picture Answer % Correct
Sinister Six
96%
Brotherhood of Evil Mutants
63%
Wrecking Crew, the
58%
Black Order
52%
Dark Avengers
50%
Serpent Society
46%
Frightful Four
33%
Masters of Evil
33%
Circus of Crime
29%
Enforcers, the
29%
Squadron Sinister
29%
Marauders
19%
U-Foes, the
19%
Zodiac, the
19%
Ani-Men
13%
Headmen
13%
Sisterhood of Mutants
12%
Sinister Six (Superior Foes of Spider-Man)
10%
No matching quizzes found
Score Distribution
Percent of People with Each Score
Percentile by Number Answered
Your Score History
You have not taken this quiz